Post-Gender-Based Violence Services Utilization Among Female Entertainment Workers in Cambodia: A Cross-Sectional Study
Little is known about service utilization among female entertainment workers (FEWs) after experiencing gender-based violence (GBV). This study explored factors associated with post-GBV service utilization among FEWs in Cambodia. We included 299 FEWs, who experienced any forms of GBV in the past 12 m...
| Authors: | ; ; ; ; ; |
|---|---|
| Format: | Electronic Article |
| Language: | English |
| Published: |
2024
|
| In: |
Violence against women
Year: 2024, Volume: 30, Issue: 9, Pages: 2302-2319 |
| Online Access: |
Volltext (lizenzpflichtig) |
| Check availability: | HBZ Gateway |
| Keywords: |
MARC
| LEADER | 00000caa a22000002c 4500 | ||
|---|---|---|---|
| 001 | 189094923X | ||
| 003 | DE-627 | ||
| 005 | 20250110054932.0 | ||
| 007 | cr uuu---uuuuu | ||
| 008 | 240610s2024 xx |||||o 00| ||eng c | ||
| 024 | 7 | |a 10.1177/10778012221147911 |2 doi | |
| 035 | |a (DE-627)189094923X | ||
| 035 | |a (DE-599)KXP189094923X | ||
| 040 | |a DE-627 |b ger |c DE-627 |e rda | ||
| 041 | |a eng | ||
| 084 | |a 2,1 |2 ssgn | ||
| 100 | 1 | |a Oy, Sreymom |e VerfasserIn |4 aut | |
| 245 | 1 | 0 | |a Post-Gender-Based Violence Services Utilization Among Female Entertainment Workers in Cambodia: A Cross-Sectional Study |
| 264 | 1 | |c 2024 | |
| 336 | |a Text |b txt |2 rdacontent | ||
| 337 | |a Computermedien |b c |2 rdamedia | ||
| 338 | |a Online-Ressource |b cr |2 rdacarrier | ||
| 520 | |a Little is known about service utilization among female entertainment workers (FEWs) after experiencing gender-based violence (GBV). This study explored factors associated with post-GBV service utilization among FEWs in Cambodia. We included 299 FEWs, who experienced any forms of GBV in the past 12 months. This study highlights low access (14.05%) to post-GBV services among FEWs. Factors associated with post-GBV services utilization were marital status, living conditions, mental health, and types of entertainment venues. To improve post-GBV services utilization, ensuring quality, and availability of services are required. Further research is needed to develop pathways toward a supportive environment for FEWs to access these services. | ||
| 650 | 4 | |a Asia | |
| 650 | 4 | |a vulnerable population | |
| 650 | 4 | |a interpersonal violence | |
| 650 | 4 | |a female sex worker | |
| 650 | 4 | |a access to services | |
| 700 | 0 | |a Saing Chan Hang |e VerfasserIn |0 (DE-588)1017470782 |0 (DE-627)674641981 |0 (DE-576)353786500 |4 aut | |
| 700 | 1 | |a Yem, Sokunthea |e VerfasserIn |4 aut | |
| 700 | 1 | |a Chhoun, Pheak |e VerfasserIn |4 aut | |
| 700 | 1 | |a Tuot, Sovannary |e VerfasserIn |4 aut | |
| 700 | 1 | |a Yi, Siyan |e VerfasserIn |4 aut | |
| 773 | 0 | 8 | |i Enthalten in |t Violence against women |d London [u.a.] : Sage, 1995 |g 30(2024), 9, Seite 2302-2319 |h Online-Ressource |w (DE-627)324827695 |w (DE-600)2031375-5 |w (DE-576)27681732X |x 1552-8448 |7 nnas |
| 773 | 1 | 8 | |g volume:30 |g year:2024 |g number:9 |g pages:2302-2319 |
| 856 | 4 | 0 | |u https://doi.org/10.1177/10778012221147911 |x Resolving-System |z lizenzpflichtig |3 Volltext |7 1 |
| 935 | |a mkri | ||
| 951 | |a AR | ||
| ELC | |a 1 | ||
| LOK | |0 000 xxxxxcx a22 zn 4500 | ||
| LOK | |0 001 4535874905 | ||
| LOK | |0 003 DE-627 | ||
| LOK | |0 004 189094923X | ||
| LOK | |0 005 20240610043605 | ||
| LOK | |0 008 240610||||||||||||||||ger||||||| | ||
| LOK | |0 035 |a (DE-2619)KrimDok#2024-06-09#396BA0FEF5D7B3A82A55178909B02B696EC73FF5 | ||
| LOK | |0 040 |a DE-2619 |c DE-627 |d DE-2619 | ||
| LOK | |0 092 |o n | ||
| LOK | |0 852 |a DE-2619 | ||
| LOK | |0 852 1 |9 00 | ||
| LOK | |0 935 |a zota | ||
| LOK | |0 939 |a 10-06-24 |b l01 | ||
| ORI | |a SA-MARC-krimdoka001.raw | ||
